00468 2200181 4500001002100000008004100021035002000062245002600082100001200108260002300120300001100143020001800154084001700172082000800189650005100197990001800248990002000266INLIS000000000000649 ind  a0010-0724000649 aMenjadi GurucHernowo aHernowo aBandungbMLCc2005 a99 hlm a979-3611-09-x a371.12 HER m a371 aInstitusi Pendidikan, Sekolah dan Aktifitasnya aP29/CP/24/649 aP29/CP/24/649.1